000 00821cam a22002531 4500
001 6601
003 BD-RjUL
005 20211208234257.0
008 140111s1966 nyu b 001 0 eng
035 _a(BD-RjUL)6642
040 _aDLC/ICU
_cICU
_dDLC
_dBD-RjUL
_beng
041 _aeng
082 0 0 _a515.782
_bBED 1966
_223
100 1 _aBeltrami, Edward J.
_920768
245 1 0 _aDistributions and the boundary values of analytic functions /
_cE.J. Beltrami, M.R. Wohlers.
260 _aNew York :
_bAcademic Press,
_cc1966.
300 _axiv, 116 p. ;
_c23 cm.
504 _aInclude bibliography and index.
650 0 _aTheory of distributions (Functional analysis)
_920671
650 0 _aLaplace transformation.
_919793
700 1 _aWohlers, M. Ronald,
_ejoint author.
_920769
942 _2ddc
_cBK
999 _c6601
_d6601